Los Angeles Lakers Players - Statistics

General Stats
  • This quiz has been taken 112 times
  • The average score is 18 of 38
Answer Stats
Picture Answer % Correct
Kobe Bryant
99%
Jerry West
98%
Shaquille O'Neal
97%
Kareem Abdul-Jabbar
91%
Dwight Howard
87%
Magic Johnson
82%
Pau Gasol
80%
Wilt Chamberlain
78%
Steve Nash
77%
Ron Artest
66%
D'Angelo Russell
65%
Nick Young
63%
Elgin Baylor
62%
Matt Barnes
61%
Julius Randle
59%
Derek Fisher
58%
Lamar Odom
56%
George Mikan
55%
Jordan Clarkson
53%
Luke Walton
49%
James Worthy
38%
Gail Goodrich
33%
Rick Fox
32%
Jordan Hill
31%
Roy Hibbert
31%
Steve Blake
31%
Shannon Brown
29%
Antawn Jamison
25%
Jamaal Wilkes
22%
Ronny Turiaf
13%
Vern Mikkelsen
13%
Chris Mihm
8%
Jim Pollard
8%
Brandon Bass
6%
Clyde Lovellette
6%
Josh Powell
6%
Slater Martin
4%
Connie Hawkins
1%
No matching quizzes found
Score Distribution
Percent of People with Each Score
Percentile by Number Answered
Your Score History
You have not taken this quiz